| 000 | 00525nam a2200181 a 4500 | ||
|---|---|---|---|
| 005 | 20140412111229.0 | ||
| 008 | 020410s19uu xx 00 eng d | ||
| 020 | _a0-7214-0947-4 | ||
| 050 |
_aER _bRa11 1985 |
||
| 100 | _aSouthgate, Vera | ||
| 245 |
_aRapunzel / _cretold by Vera Southgate; illustrated by Martin Aitchison. |
||
| 260 |
_aLoughborough, UK : _bLadybird Books Ltd, _c1985. |
||
| 300 | _a51p. ; ill, | ||
| 440 | _aWell-Loved Tales | ||
| 650 | _aFairy tales | ||
| 650 | _aChildren stories | ||
| 999 |
_c102121 _d102121 |
||